000 00408cam a2200145 4500
001 J103236
008 000000n1959 000 0 eng u
035 _a(Sirsi) u103236
041 _aeng
110 _aBuilding Research Station
_9203
245 2 _aA study of alternative methods of house construction.
260 _c1959
490 0 _aNational Building Studies special report no.30, 1959.
942 _n0
999 _c100102
_d100102